000 00750nam a22002057a 4500
999 _c8103
_d8103
003 AR-CdUCM
008 190322b ||||| |||| 00| 0 spa d
040 _aMUNICIPALIDAD PROVINCIAL DEL CUSCO
_cBIBLIOTECA MUNICIPAL DEL CUSCO
082 _a551 /
_bR68
100 _aRivera Palomino, Jaime
_922883
245 _aSismos en Ayacucho /
260 _aAyacucho :
_bImprenta de la Universidad de San Cristóbal de Huamanga /
_c1983.
300 _a159 páginas ;
_bTablas
_c20cm
_eMapas
505 _aContenido: Estadísticas de sismos
650 _aAyaucho
_922884
650 _aSismos
_92092
710 _aDepartamento de Ciencias Histórico-Sociales, Dirección Universitaria de Investigación UNSCH
_922885
942 _2ddc
_cLIBROS
945 _anom